000 00374nam a22001697a 4500
005 20260402121401.0
008 160627b xxu||||| |||| 00| 0 eng d
020 _a978-0-09-951-379-7
041 _aeng
082 _b823.912
100 _aWod house, P.G.
_92870
245 _aLeave It to Psmith
260 _bRupa
300 _a328
650 _aManagement
942 _cBK
999 _c4155
_d4154